|
|
|
|
| LEADER |
00000nab a2200000 a 4500 |
| 001 |
vtls011730577 |
| 003 |
SK-MaSNL |
| 005 |
20260303112424.0 |
| 008 |
230121|1965 xo |||||||||||||||||slo |
| 015 |
|
|
|a SNBRB
|
| 035 |
|
|
|a (urnnbn)urn:nbn:sk:snk:ar-a05wsl
|
| 035 |
|
|
|a urn:nbn:sk:snk-abf8gg
|
| 035 |
|
|
|a (uuid)64620bc6-6788-4e58-8b98-6c3bd0870a7e
|
| 040 |
|
|
|a SNKBUCL
|b slo
|c SNKBUCL
|e AACR2
|
| 041 |
0 |
|
|a slo
|
| 044 |
|
|
|a xo
|c SK
|
| 100 |
1 |
|
|a Slávik, Juraj
|4 aut
|9 823263
|
| 245 |
1 |
0 |
|a HOSPODÁRENIE ŠKOLSKÝCH JEDÁLNÍ
|c Juraj Slávik
|
| 773 |
0 |
|
|t Výživa a zdravie : časopis pre výživu a zdravý životný štýl
|g Roč. 10, č. 9 (1965), s. 201-203
|
| 954 |
|
|
|a odborná, vedecká literatúra pôvodná (slovenská)
|2 lita
|
| 958 |
|
|
|a OND
|
| 958 |
|
|
|a EUIPO
|
| 958 |
|
|
|a article24
|
| 999 |
|
|
|c 1884413
|d 1886343
|